|
|
|
|
| LEADER |
00000cam a2200000 7i4500 |
| 001 |
0000072425 |
| 005 |
20180226093000.0 |
| 008 |
110505s 2011 nju eng |
| 020 |
|
|
|a 0470149361
|
| 020 |
|
|
|a 9780470149362(cloth)
|
| 050 |
0 |
0 |
|a RM666.H33
|b T68 2011
|
| 060 |
1 |
0 |
|a QV 766
|b T763 2011
|
| 090 |
0 |
0 |
|a QV 766
|b T763 2011
|
| 245 |
0 |
0 |
|a Traditional herbal medicine research methods :
|b identification, analysis, bioassay and pharmaceutical and clinical studies
|c edited by Willow J.H. Liu
|
| 260 |
|
|
|a Hoboken,N.J. :
|b John Wiley & son ,
|c c2011
|
| 300 |
|
|
|a xxi, 466 p. :
|b ill. ;
|c 24cm.
|
| 504 |
|
|
|a Includes bibliographical references and index
|
| 505 |
0 |
|
|a 1.Introduction to traditional herbal medicines and their study -- 2.Collection and identification of the raw herbal materials -- 3.Extraction and isolation of compounds from herbals medicines -- 4.Identification and structure elucidation of compounds from herbal medicines -- 5.Bioassays for screening and functional elucidation of herbal medicines -- 6.Functional evaluation of herbal medicines by animal experiments -- 7.Safety pharmacology and toxicity study of herbal medicines -- 8.Clinical study of traditional herbal medicine -- 9.Standardization and quality control of herbal products -- 10.Understanding traditional Chinese medicine and Chinese herbs.
|
| 650 |
|
0 |
|a Herbs
|x Therapeutic use
|x Testing
|
| 650 |
|
0 |
|a Materia medica, Vegetable
|x Research.
|
| 650 |
1 |
2 |
|a Medicine, Chinese Traditional.
|
| 650 |
1 |
2 |
|a Phytotheraphy
|x methods.
|
| 650 |
1 |
2 |
|a Plant Extracts
|x analysis.
|
| 650 |
1 |
2 |
|a Plant Extracts
|x pharmacology.
|
| 650 |
1 |
2 |
|a Plants, Medicinal
|x Chemistry.
|
| 700 |
1 |
|
|a Liu, Willow J. H. [
|q (Willow Jian Hua)] ,
|d 1963- ,
|e author
|
| 999 |
|
|
|a 1000139165
|b Book
|c OPEN SHELF (30 DAYS)
|e Medical Campus
|